| 000 | 00553nam a22001817a 4500 | ||
|---|---|---|---|
| 999 |
_c3480 _d3437 |
||
| 008 | 190619b ||||| |||| 00| | eng d | ||
| 020 | _a9789750506185 | ||
| 041 | _atur | ||
| 050 | _aPL248.T68 | ||
| 100 |
_91084 _aToptaş, Hasan Ali |
||
| 245 | _aHarfler ve Notalar | ||
| 250 | _a1.ve 2. Baskı | ||
| 260 |
_aİstanbul: _bİletişim Yayınları, _c2008 |
||
| 300 | _a171 Sayfa | ||
| 500 | _aDoğan Kitap, 2007 İletişim Yayınları 1337 Çağdaş Türkçe Edebiyat 183 2 Adet mevcuttur. | ||
| 650 | 0 |
_9145 _aTürk Edebiyatı |
|
| 942 |
_2lcc _cBK |
||